[Event "Titled Tuesday intern op 24th Jan Late"]
[Site "Chess.com INT"]
[Date "2023.01.24"]
[Round "4"]
[White "Przybylski, Wojciech"]
[Black "Yan, Benjamin"]
[Result "1-0"]
[WhiteElo "2321"]
[BlackElo "1957"]
[PlyCount "103"]
[EventDate "2023.01.24"]
[EventType "swiss (blitz)"]
[EventRounds "11"]
[EventCountry "USA"]
[SourceTitle "EXT 2024"]
[Source "ChessBase"]
[SourceDate "2023.10.10"]
[SourceVersion "1"]
[SourceVersionDate "2023.10.10"]
[SourceQuality "1"]

1. e4 d6 2. f4 c5 3. Nf3 g6 4. Nc3 Bg7 5. Bc4 Nc6 6. 0-0 Bg4 7. d3 Qd7 8. f5 gxf5 9. exf5 Bxf5 10. Nd5 0-0-0 11. Ng5 e6 12. Rxf5 exf5 13. Nxf7 Bd4+ 14. Kh1 Ne5 15. c3 Nxf7 16. cxd4 cxd4 17. Bf4 Ne5 18. Rc1 Kb8 19. Bb3 Rc8 20. Rb1 Ne7 21. a4 Nxd5 22. Bxd5 Rc5 23. Bb3 Ng6 24. Bg5 h6 25. Bf6 Rf8 26. Bxd4 Rcc8 27. Qg1 b6 28. a5 b5 29. Bd5 Nf4 30. Bf3 Ne6 31. Be3 f4 32. Bf2 Nc5 33. Qd1 Qh7 34. d4 Nd3 35. Bg1 Rfe8 36. Qb3 a6 37. Qd5 Qa7 38. Qxd6+ Qc7 39. Qxa6 Qa7 40. Qxb5+ Kc7 41. Qxd3 Kd8 42. d5 Qxa5 43. d6 Re6 44. d7 Rc7 45. Qh7 Rxd7 46. Qg8+ Re8 47. Qg4 Qe5 48. Qg6 Rg7 49. Qb6+ Ke7 50. Rd1 Kf8 51. Qb4+ Kg8 52. Bd4 1-0

[Event "US Masters op"]
[Site "Greensboro"]
[Date "2019.08.23"]
[Round "5"]
[White "Kretchetov, Alexandre"]
[Black "Yan, Benjamin"]
[Result "1-0"]
[WhiteElo "2237"]
[BlackElo "1952"]
[PlyCount "71"]
[EventDate "2019.08.21"]
[EventType "swiss"]
[EventRounds "9"]
[EventCountry "USA"]
[SourceTitle "EXT 2020"]
[Source "ChessBase"]
[SourceDate "2019.10.17"]
[SourceVersion "1"]
[SourceVersionDate "2019.10.17"]
[SourceQuality "1"]

1. Nf3 Nf6 2. c4 g6 3. Nc3 Bg7 4. e4 d6 5. d4 0-0 6. h3 e5 7. d5 Na6 8. Bg5 h6 9. Be3 Nc5 10. Nd2 Ne8 11. Be2 f5 12. 0-0 Nd7 13. exf5 gxf5 14. f4 Kh8 15. Qc2 e4 16. Nb3 Qh4 17. Kh2 Rg8 18. g3 Qe7 19. Nd4 Nc5 20. b4 Na6 21. a3 Bd7 22. Rac1 c5 23. dxc6 bxc6 24. Rfd1 Rc8 25. c5 dxc5 26. Nxf5 Bxf5 27. Bxa6 Rc7 28. Bxc5 Qe6 29. Bf1 Bf6 30. Ne2 Qf7 31. Nd4 Bg6 32. Bc4 Qg7 33. Ne6 e3 34. Qg2 Be4 35. Nxg7 Bxg2 36. Nxe8 1-0

[Event "North Carolina op"]
[Site "Charlotte"]
[Date "2018.11.18"]
[Round "4"]
[White "Vanapalli, Vishnu Surya"]
[Black "Yan, Benjamin"]
[Result "1-0"]
[WhiteElo "1677"]
[BlackElo "1936"]
[PlyCount "75"]
[EventDate "2018.11.16"]
[EventType "swiss"]
[EventRounds "5"]
[EventCountry "USA"]
[SourceTitle "CBM 187 Extra"]
[Source "ChessBase"]
[SourceDate "2018.11.04"]
[SourceVersion "1"]
[SourceVersionDate "2018.11.04"]
[SourceQuality "1"]

1. e4 e5 2. Nf3 Nc6 3. Bc4 Bc5 4. 0-0 Nf6 5. d3 d6 6. c3 a6 7. Bb3 Ba7 8. Re1 h6 9. Nbd2 0-0 10. Nf1 Ne7 11. Ng3 Ng6 12. h3 Re8 13. d4 c6 14. Bc2 Qc7 15. b3 Bd7 16. Bb2 Nf4 17. Qd2 g5 18. c4 Rad8 19. c5 dxc5 20. dxe5 Bg4 21. Qc3 Bxf3 22. Qxf3 Nd7 23. Nf5 Nxe5 24. Nxh6+ Kf8 25. Qg3 Rd6 26. Bxe5 Rxe5 27. Ng4 Re8 28. Qc3 f6 29. Nxf6 Red8 30. e5 Rd2 31. Ng4 Ne2+ 32. Rxe2 Rxe2 33. Qf3+ Qf7 34. Qxe2 c4 35. Qxc4 Qxc4 36. bxc4 Rd2 37. Bb3 Bd4 38. Rd1 1-0